Statistics for Lyrics -- Bowie -- #1

Click here to take the quiz!

General Stats

  • This quiz has been taken 202 times
    (195 since last reset)
  • The average score is 79 of 123

Answer Stats

Lyrics% Correct
a
96%
I
95%
the
95%
you
89%
We
82%
we
82%
he
81%
to
81%
and
78%
me
78%
man
74%
who
74%
Who
74%
world
74%
no
73%
was
72%
sold
70%
not
69%
with
67%
With
67%
time
65%
his
64%
never
64%
when
64%
face
62%
of
62%
You're
62%
lost
61%
said
61%
as
60%
control
60%
have
60%
my
60%
for
59%
long
59%
Oh
58%
there
58%
ago
57%
died
55%
friend
55%
alone
54%
thought
53%
came
52%
spoke
51%
eyes
50%
into
50%
surprise
49%
way
49%
all
48%
passed
48%
some
48%
stair
48%
upon
48%
Which
48%
knows
47%
hand
46%
must
46%
years
45%
back
44%
shook
44%
stare
44%
gazed
43%
home
43%
made
42%
roamed
40%
at
39%
wasn't
39%
Although
38%
millions
38%
laughed
36%
land
35%
searched
35%
here
33%
gazely
31%
form
22%

Score Distribution

Percentile by Number Answered

Percent of People with Each Score

Your Score History

You have not taken this quiz since the last reset